L'art ancien et l'art moderne: nouveaux mélanges de critique et de littérature musicales
I tiakina i:
| Kaituhi matua: | |
|---|---|
| Hōputu: | Pukapuka |
| Reo: | Wīwī |
| I whakaputaina: |
París
Garnier Freres, Libraires
1854
|
| Ngā marau: | |
| Ngā Tūtohu: |
Tāpirihia he Tūtohu
Kāore He Tūtohu, Me noho koe te mea tuatahi ki te tūtohu i tēnei pūkete!
|
MARC
| LEADER | 00000nam a2200000 a 4500 | ||
|---|---|---|---|
| 001 | UCW2323 | ||
| 003 | CL-VaPUC | ||
| 005 | 20231106092049.0 | ||
| 008 | 890119e18540000FR |||||||||||||||||fre|d | ||
| 999 | |c 216882 |d 216880 | ||
| 040 | |c Pontificia Universidad Católica de Valparaíso | ||
| 082 | 0 | 4 | |a 780 SCU 1854 |2 21 |
| 100 | 0 | |a Scudo, P |e author |9 306335 | |
| 245 | 1 | 2 | |a L'art ancien et l'art moderne: nouveaux mélanges de critique et de littérature musicales |
| 260 | |a París |b Garnier Freres, Libraires |c 1854 | ||
| 300 | |a 387 p | ||
| 583 | |a last modification |c 19890119 00:00:00 |k Rodrigo Vera | ||
| 650 | 0 | |a Crítica musical |2 CL-VaPUC |9 306326 | |
| 650 | 0 | |a Ópera |2 CL-VaPUC |9 306284 | |
| 650 | 0 | |a Historia y crítica |9 257407 | |
| 942 | |c BK |2 ddc | ||
| 945 | |d 19890119 00:00:00 | ||